000 00515nam a2200205Ia 4500
005 20250923144431.0
008 008 250917s9999 xx 000 0 eng d
037 _aTextual
040 _aDSWL
_beng
_cDSWL
041 _aeng
_2eng
084 _aYz7, J1
_qDSWL
100 _aCarr, E.H
_9824841
245 4 _aThe new society
_cby E.H Carr
260 _aLondon
_c1951
300 _a119 p.
365 _aINR
_b7.6
925 _g7.6
942 _cTEXL
_hYz7, J1
999 _c1438831
_d1438831